Evolución cuantitativa y proyecciones de matrícula de los sistemas educativos de América Latina y el Caribe -Análisis estadístico-

में बचाया:
ग्रंथसूची विवरण
निगमित लेखक: UNESCO. División de Estadísticas Relativas a la Educación
स्वरूप: मूलपाठ
प्रकाशित: París: La Organización
टैग: टैग जोड़ें
कोई टैग नहीं, इस रिकॉर्ड को टैग करने वाले पहले व्यक्ति बनें!

MARC

LEADER 00000 a a2200000 04500
001 16504
003
040
090 |a 029900  
110 |a UNESCO. División de Estadísticas Relativas a la Educación  
245 |a Evolución cuantitativa y proyecciones de matrícula de los sistemas educativos de América Latina y el Caribe -Análisis estadístico-  
260 |a París:   |b La Organización  
300 |a 4; 130 p.  
300 |b **no definido**  
999 |c 10659  |d 10659